000 00399nam a2200157 4500
001 45977
090 _a45977
100 _a20260401 pory50
101 _apor
102 _aPT
200 _aA Cerâmica em Portugal
_eIn [?]
_fArmando Vieira Santos
210 _a[Não identificado]
_c[Não identificado]
_d[Não identificado]
215 _a1 v.
675 _a738(469)
801 _aPT
_gRPC
990 _cLIVROS